000
00258nam a2200109Ia 4500
005
20251222114344.0
008
251222s1900||||xx |||||||||||||| ||spa||
082
_a
DVD0092/J92C/2006
245
0
_a
Confirmación
264
_b
Fajardo Olivares, Walter
942
_c
DVD
999
_c
984
_d
984